You have to go to school-- you're the teacher! : 250 classroom (Record no. 259156)
[ view plain ]
| 000 -LEADER | |
|---|---|
| fixed length control field | 00263nam a22000977a 4500 |
| 020 ## - INTERNATIONAL STANDARD BOOK NUMBER | |
| ISBN | 0761976825 |
| 245 ## - TITLE STATEMENT | |
| Title | You have to go to school-- you're the teacher! : 250 classroom |
| 250 ## - EDITION STATEMENT | |
| Edition statement | 2nd ed |
| 260 ## - PUBLICATION, DISTRIBUTION, ETC. (IMPRINT) | |
| Place of publication | Thousand Oaks, Calif |
| Name of publisher | Corwin Press |
| Year of publication | 2000 |
| 942 ## - ADDED ENTRY ELEMENTS (KOHA) | |
| Koha item type | Long Loan Books |
| Withdrawn status | Lost status | Collection code | Home library | Current library | Shelving location | Date acquired | Full call number | Accession Number | Koha item type |
|---|---|---|---|---|---|---|---|---|---|
| Non-fiction | Rongo University Library | Rongo University Library | General Stacks | 04/09/2020 | LB1775.2 .R67 2000 | 20155783 | Long Loan Books |
